000 00299nam a2200145Ia 4500
100 _aSiegel/Charles
942 _cBK
654 _aFoxpro 2.5
245 _aMastering Foxpro 2.5
260 _bBPB Pub
_aNew Delhi
_c1993
082 _a5.13
_bSIE
300 _a982
546 _aENGLISH
999 _c21304
_d21304